| 000 | 00762nam a2200217Ia 4500 | ||
|---|---|---|---|
| 999 |
_c59629 _d59629 |
||
| 003 | GCL | ||
| 005 | 20240530110310.0 | ||
| 008 | 140319s1993 le 000 0 ara d | ||
| 040 |
_aGCL / _cGCL |
||
| 082 | 0 | 4 |
_a920/ _bس م |
| 100 | 0 | _aسمير ابوحمدان | |
| 245 | 1 | 0 |
_aعلى مبارك : _bالمفكر و المعمر / _cسمير ابوحمدان |
| 260 |
_aبيروت : _bالشركة العالمية للكتاب ش م ل ، _c1993 |
||
| 300 |
_a184 ص ؛ _c20 سم |
||
| 490 | 0 |
_aموسوعة عصر النهضة ؛ _v9 |
|
| 650 | 0 | 4 | _aعلى مبارك |
| 650 | 0 | 4 | _aالمصلحون |
| 650 | 0 | 4 | _aالتربويون |
| 650 | 0 | 4 | _aمصر - تاريخ - العصر الحديث - عصر اسماعيل ( 1863-1879 م ) |
| 942 |
_2ddc _cREF |
||